| 000 | 00825nam a2200289Ia 4500 | ||
|---|---|---|---|
| 001 | 3051 | ||
| 005 | 20240113233609.0 | ||
| 007 | ta | ||
| 008 | 050331s2003 a g b000 u eng u | ||
| 020 | _a1-84169-139-9 | ||
| 040 | _aCotton College,Assam | ||
| 041 | _aeng | ||
| 082 |
_a370.15 _bLo 911 In |
||
| 100 | _aLoewenthal, Kate Miriam . | ||
| 245 | 0 |
_aAn Introduction to Psychological Tests and Scales / _cKate Miriam Loewenthal. _hTextual Documents |
|
| 250 | _a2nd ed / | ||
| 260 |
_aEast Sussex, USA : _bPsychology Press ltd , _c2003. |
||
| 300 |
_a172p : _bill ; _c22cm . |
||
| 504 | _aAuthor index, Subject index | ||
| 653 | _aEducational Psychology | ||
| 653 | _aPG-Education | ||
| 653 | _aDeptt.-Education | ||
| 942 |
_2ddc _cBK |
||
| 999 |
_c3039 _d3039 |
||